000 00657nam a2200217 a 4500
001 13997
003 BD-JhCC
005 20240522172913.0
008 171016s20042007bg |||| ||a| 000 0 ben d
020 _a9844151716
035 _a(BD-JhCC)13997
040 _aBD-JhCC
_dBD-JhCC
041 _aben
082 _a891.4435
_bSHE 2007
245 _aশ্রেষ্ঠ মাক্সিম গোর্কি /
_c সম্পাদনা : হায়াৎ মামুদ
260 _aঢাকা :
_bঅবসর;
_c2007.
300 _a576 p. :
_c22 cm.
650 _aShort Story
700 _a মামুদ, হায়াৎ
942 _2ddc
_cBK
999 _c13997
_d13997